000 00350nam a2200157Ia 4500
008 160316s1977 xxu||||| |||| 00| 0 eng d
082 _a341.230000
_bUNO
100 _a
245 _aYear book of the United Nations, 1977
250 _a
260 _aNew York
_bUNO
_c1977
300 _a1303
_b
_c
365 _b435/-
650 _a
700 _a
_a
999 _c10125
_d10125